Online
Catalog

Cuentos de Saki / (Record no. 11949)

MARC details
000 -CABECERA
campo de control de longitud fija 00749nam a2200229 a 4500
001 - NÚMERO DE CONTROL
campo de control 000012292
005 - FECHA Y HORA DE LA ÚLTIMA TRANSACCIÓN
campo de control 20200929162800.0
008 - DATOS DE LONGITUD FIJA--INFORMACIÓN GENERAL
campo de control de longitud fija 091110s1989 cu 001 j spa d
040 ## - FUENTE DE LA CATALOGACIÓN
Centro catalogador/agencia de origen DO-SdBNP
Lengua de catalogación spa
Centro/agencia transcriptor BNPHU
082 ## - NÚMERO DE LA CLASIFICACIÓN DECIMAL DEWEY
Número de clasificación 895.83
Número de documento/Ítem M968c
049 ## - FONDOS LOCALES (OCLC)
Fondos de biblioteca BNGR
100 1# - ENTRADA PRINCIPAL--NOMBRE DE PERSONA
Nombre de persona Munro, H. H.,
Forma completa/desarrollada del nombre (Hector Hugh Munro),
Fechas asociadas al nombre 1870-1916
9 (RLIN) 28949
245 10 - MENCIÓN DE TÍTULO
Título Cuentos de Saki /
Mención de responsabilidad, etc. H.H. Munro ; traductor, Frank Cruz Duarte ; editor, Felipe Cunill.
260 ## - PUBLICACIÓN, DISTRIBUCIÓN, ETC.
Lugar de publicación, distribución, etc. La Habana, Cuba :
Nombre del editor, distribuidor, etc. Arte y Literatura,
Fecha de publicación, distribución, etc. 1989.
300 ## - DESCRIPCIÓN FÍSICA
Extensión 283, [2] p. ;
Dimensiones 19 cm.
490 1# - MENCIÓN DE SERIE
Mención de serie Huracán
650 #4 - PUNTO DE ACCESO ADICIONAL DE MATERIA--TÉRMINO DE MATERIA
Término de materia o nombre geográfico como elemento de entrada Cuentos birmanos
9 (RLIN) 28950
650 #4 - PUNTO DE ACCESO ADICIONAL DE MATERIA--TÉRMINO DE MATERIA
Término de materia o nombre geográfico como elemento de entrada Literatura birmana
9 (RLIN) 28951
700 1# - PUNTO DE ACCESO ADICIONAL--NOMBRE DE PERSONA
Nombre de persona Cruz Duarte, Frank,
Término indicativo de función/relación tr.
9 (RLIN) 28952
700 1# - PUNTO DE ACCESO ADICIONAL--NOMBRE DE PERSONA
Nombre de persona Cunill, Felipe,
Término indicativo de función/relación ed.
9 (RLIN) 11535
830 #0 - PUNTO DE ACCESO ADICIONAL DE SERIE-TÍTULO UNIFORME
Título uniforme Huracán.
9 (RLIN) 5481
Holdings
Estado de retiro Estado de pérdida Restricciones de uso No para préstamo Código de colección Localización permanente Ubicación/localización actual Ubicación en estantería Fecha de adquisición Número de inventario Total de préstamos Signatura topográfica completa Código de barras Fecha visto por última vez Precio válido a partir de Tipo de ítem Koha
    Préstamo interno   Monografías: Libros y Folletos General General En catalogación 10.11.2009 LF1   895.83 M968c 12292-10 25.06.2020 25.06.2020 Préstamo interno

Powered by Koha